000 00667cab a2200217 4500
001 ABS41589
008 090401t1989 xxu||||| |||| 00| 0 eng d
035 _a(Sirsi) u31061
041 _aeng
100 _aCooper, P.
245 _aAdmiral Homes: Built to last, or a house of cards?
260 _c1989
350 _a0
490 _aDirector
_v43(3) October 1989, 151-152(2)
520 _aReport on housebuilder Admiral Homes which has just secured the UK`s biggest ever venture capital package, examining how the money was raised.
650 _aFINANCE
650 _aINVESTMENT
690 _aPROPERTY LAW AND PRACTICE
942 _n0
948 _c04/03/1997
999 _c20879
_d20879